UITU Library & LRC     

GSM based disaster management system (Record no. 33608)

MARC details
000 -LEADER
fixed length control field 00463nam a2200133Ia 4500
008 - FIXED-LENGTH DATA ELEMENTS--GENERAL INFORMATION
fixed length control field 260210s9999 xx 000 0 und d
024 ## - OTHER STANDARD IDENTIFIER
Standard number or code 17-001-CE, 17B-009-TE, 17B-013-TE & 17B-018*TE
082 ## - DEWEY DECIMAL CLASSIFICATION NUMBER
Classification number 363.3409 KHA
100 ## - MAIN ENTRY--PERSONAL NAME
Personal name M. Shibl Khan, Syed Omer Ali Tirmizi & Zainab Khalid
245 #0 - TITLE STATEMENT
Title GSM based disaster management system
260 ## - PUBLICATION, DISTRIBUTION, ETC.
Place of publication, distribution, etc. Karachi:
Name of publisher, distributor, etc. UITU,
Date of publication, distribution, etc. 2017
600 ## - SUBJECT ADDED ENTRY--PERSONAL NAME
Personal name Telecommunication Engineering
650 ## - SUBJECT ADDED ENTRY--TOPICAL TERM
Topical term or geographic name entry element Bachelor of Engineering (BE)

No items available.

Powered by Koha